00429nam a22001577a 4500010001300000020002600013035001300039037000800052082000600060100001000066245003900076260002800115270008900143300001900232490002000251 aB-529804 a9789380658742c295.00 aB-529804 bUBH aN aAmish aThe immortals of Meluha/cby Amish aChennaibWestlandc2010 a61, Silverline Building, 2nd floor, Alapakkam Main Road Mauravoyal bChennaie600095 a415pc18cm(pb) aShiva Trilogy 1